|
|
|
|
| LEADER |
00759cam a2200205 a 4500 |
| 008 |
840522s1983 enk b 001 0 eng |
| 020 |
|
|
|a 0860917673
|
| 082 |
0 |
0 |
|a 128
|2 19
|
| 100 |
1 |
|
|a Geras, Norman
|
| 245 |
1 |
0 |
|a Marx and human nature :
|b refutation of a legend /
|c Norman Geras.
|
| 260 |
|
|
|a London :
|b Verso Editions and NLB,
|c c1983.
|
| 300 |
|
|
|a 126 p. ;
|c 21 cm.
|
| 500 |
|
|
|a Includes index.
|
| 504 |
|
|
|a Bibliography: p. [125]-126.
|
| 600 |
1 |
0 |
|a Marx, Karl,
|d 1818-1883.
|
| 650 |
|
0 |
|a Philosophical anthropology
|x History
|y 19th century.
|
| 906 |
|
|
|a 7
|b cbc
|c orignew
|d 3
|e ncip
|f 19
|g y-gencatlg
|
| 942 |
|
|
|c BK
|
| 999 |
|
|
|c 276307
|d 276307
|
| 952 |
|
|
|0 0
|1 0
|2 ddc
|4 0
|6 128_000000000000000_GER_M
|7 0
|9 310847
|a PHL
|b PHL
|c ST1
|d 2015-10-05
|i 2180
|o 128 GER/M
|p PHL2180
|r 2015-10-05
|y BK
|